| 000 | 00488nam a2200181 a 4500 | ||
|---|---|---|---|
| 001 | 5175 | ||
| 003 | CO-ViMGA | ||
| 008 | 141112s2004 ck r 000 u spa d | ||
| 040 |
_aCO-ViMGA _bspa _cCO-ViMGA |
||
| 082 | 0 | 4 | _a631.585 R374h |
| 100 | 1 |
_aResh, Haward M _93473 |
|
| 245 | 1 | 0 |
_aCultivos hidropónicos : _bnuevas tecnicas de producción |
| 250 | _a2a | ||
| 260 |
_aMadrid : _bMundi - Prensa, _c318 p : il |
||
| 300 | _a318 p : il | ||
| 650 | 1 | 4 |
_aHIDROPONICOS _93474 |
| 942 |
_2ddc _cBK |
||
| 999 |
_c17176 _d17176 |
||